NFL Pro Bowl Quarterbacks 1950s - Statistics

General Stats
  • This quiz has been taken 17 times
  • The average score is 29 of 53
Answer Stats
Season Team Player % Correct
1959 Colts Johnny Unitas
93%
1958 Colts Johnny Unitas
93%
1957 Colts Johnny Unitas
93%
1959 Eagles Norm Van Brocklin
87%
1958 Eagles Norm Van Brocklin
87%
1955 Rams Norm Van Brocklin
87%
1954 Rams Norm Van Brocklin
87%
1953 Rams Norm Van Brocklin
87%
1952 Rams Norm Van Brocklin
87%
1951 Rams Norm Van Brocklin
87%
1950 Rams Norm Van Brocklin
87%
1954 Browns Otto Graham
80%
1953 Browns Otto Graham
80%
1952 Browns Otto Graham
80%
1951 Browns Otto Graham
80%
1950 Browns Otto Graham
80%
1959 Steelers Bobby Layne
73%
1958 Lions/Steelers Bobby Layne
73%
1956 Lions Bobby Layne
73%
1953 Lions Bobby Layne
73%
1952 Lions Bobby Layne
73%
1951 Lions Bobby Layne
73%
1951 Redskins Sammy Baugh
73%
1959 49ers Y. A. Tittle
73%
1957 49ers Y. A. Tittle
73%
1954 49ers Y. A. Tittle
73%
1953 49ers Y. A. Tittle
73%
1951 Rams Bob Waterfield
47%
1950 Rams Bob Waterfield
47%
1956 Giants Charlie Conerly
40%
1950 Giants Charlie Conerly
40%
1956 Bears Ed Brown
40%
1955 Bears Ed Brown
40%
1956 Packers Tobin Rote
40%
1958 Rams Bill Wade
33%
1957 Steelers Earl Morrall
33%
1958 Redskins Eddie LeBaron
27%
1957 Redskins Eddie LeBaron
27%
1955 Redskins Eddie LeBaron
27%
1951 Bears Johnny Lujack
27%
1950 Bears Johnny Lujack
27%
1956 Eagles Bobby Thomason
20%
1955 Eagles Bobby Thomason
20%
1953 Eagles Bobby Thomason
20%
1957 Browns Tommy O'Connell
20%
1955 Eagles Adrian Burk
13%
1954 Eagles Adrian Burk
13%
1956 Redskins Al Dorow
13%
1952 Cardinals Charley Trippi
13%
1950 49ers Frankie Albert
13%
1950 Redskins Harry Gilmer
13%
1952 Steelers Jim Finks
13%
1950 Cardinals Jim Hardy
13%
No matching quizzes found
Score Distribution
Percent of People with Each Score
Percentile by Number Answered
Your Score History
You have not taken this quiz